Child accounting ; a discussion of the general principles underlying educational child accounting, together with the development of a uniform procedure /

Bibliographic Details
Main Author: Moehlman, Arthur B. (Arthur Bernard), 1889-1952
Format: Book
Language:English
Published: Detroit, Mich. : Friesema bros. press, 1924.
Subjects:

MARC

Tag First Indicator Second Indicator Subfields
LEADER 00000cam a2200000 4500
001 in00000080452
005 20151008052922.0
008 760419s1924 xx 00000 eng
010 |a  24012617  
035 |a (OCoLC)02124157 
035 |9 AAH5449AM 
040 |a DLC  |c TOL  |d TXA  |d UtOrBLW 
049 |a TXAM  |c 1 [60944]  
050 0 0 |a LB2846  |b .M6 
092 |a 371.2  |b M693c 
100 1 |a Moehlman, Arthur B.  |q (Arthur Bernard),  |d 1889-1952. 
245 1 0 |a Child accounting ;  |b a discussion of the general principles underlying educational child accounting, together with the development of a uniform procedure /  |c by Arthur B. Moehlman ... issued by Courtis standard tests. 
264 1 |a Detroit, Mich. :  |b Friesema bros. press,  |c 1924. 
300 |a 205 pages :  |b forms (part folded, in pocket) tables (1 folded) diagrams ;  |c 21 cm. 
336 |a text  |b txt  |2 rdacontent 
337 |a unmediated  |b n  |2 rdamedia 
338 |a volume  |b nc  |2 rdacarrier 
504 |a Bibliography: pages 166-167. 
630 0 0 |a Courtis standard tests. 
650 0 |a School reports. 
650 0 |a Education  |z United States  |v Statistics. 
999 |a MARS 
999 f f |s 9c109f31-26a8-3730-8b34-9466f53e9c8f  |i 254ba6a3-2dd7-354e-bfac-f2d163b2a178  |t 0 
952 f f |p ric  |a Texas A&M University  |b Rellis Campus  |c Joint Library Facility  |d Remote Storage  |t 0  |e LB2846 .M6  |h Library of Congress classification  |i unmediated -- volume  |m A14800831806 
998 f f |a LB2846 .M6  |t 0  |l Remote Storage